000 01468nam a2200229Ia 4500
003 Ost
005 20260507075357.0
008 260507s9999||||xx |||||||||||||| ||und||
040 _cfsecg
041 _aara
082 _a330
100 _aالخطيب، خالد راغب
_eمؤلف
245 0 _aالمحاسبة في المنشآت والمؤسسات الزراعية :
_bدراسة محاسبية واقتصادية /
_c خالد راغب الخطيب
260 _aعمان:
_bدار البداية ناشرون وموزعون,
_c2010
300 _a271 صفحة؛
_bإيضاحات ؛
_c24 سم
504 _aكشاف مصطلحات ص239؛ المراجع ص269
520 _aالإقتصاد الزراعي- الزراعة واقتصادياتها- مشكلة الغذاء في العالم- أساسيات تصميم النظام المحاسبي- استخدام الحاسبات المالية والتكاليف الزراعية في المنشآت الزراعية- العمل الإنساني- المواد الأولية- أنشطة المنتجات الزراعية- أنشطة المحاصيل الحقلية- تحديد أرباح بيع الاراضي في الشركات الزراعية- مشروعات ماشية الالبان واللحوم- الحسابات الختامية في المنشآت الزراعية
653 _aالإقتصاد الزراعي
653 _aالمحاسبة
653 _aالمنشآت
942 _cكتاب
999 _c44235
_d44235